| 000 | 01497nam2a22002531 4500 | ||
|---|---|---|---|
| 001 | v19\rc\2056412 | ||
| 005 | 20250620023422.0 | ||
| 035 | _a(NLR Aleph) 005133800 | ||
| 090 |
_a4735214 _c4735214 |
||
| 100 | _a20081111d1909 |||y0rusy50 ca | ||
| 101 | 0 | _arus | |
| 102 | _aRU | ||
| 105 | _ay z ||||| | ||
| 200 | 0 | _a[Вып. 2] | |
| 210 |
_d1909 _aБ. м. |
||
| 215 |
_a[2], 113-240 с. _cграф. |
||
| 311 | _aПродолж. беспл. прил. № 22 к "Изв...". № 4 | ||
| 422 | 0 |
_12001#$aИзвестия Санкт-Петербургской городской думы$v№ 4 _tИзвестия Санкт-Петербургской городской думы |
|
| 461 | 0 |
_1001v19\rc\2056410 _12001#$aОтчет о гидрологических исследованиях в районе ключевых источников, произведенных в 1905-1908 гг.$fН.Ф. Погребов. [Вып. 1-2]$v[Вып. 2] _1700#1$aПогребов$bН.Ф.$f1860-1942$gНиколай Федорович _94735199 _aПогребов, Н.Ф. (1860-1942) _cСанкт-Петербург _d1908-1909 _fН.Ф. Погребов. [Вып. 1-2] _nСпб. гор. тип. _p2 т. _tОтчет о гидрологических исследованиях в районе ключевых источников, произведенных в 1905-1908 гг. _v[Вып. 2] |
|
| 801 | 0 |
_aRU _bNLR _gpsbo |
|
| 801 | 1 |
_aRU _bProSoft-M _2rusmarc |
|
| 852 |
_aNLR _j133/1592(2) |
||
| 942 | _cBOOK | ||
| 980 | _aNB | ||